Central Library and Information Centre
Sibsagar Girls' College, Sivasagar : Assam

DIMENSIONS OF HUMAN GEOGRAPHY (Record no. 9400)

MARC details
000 -LEADER
fixed length control field 00394cam a2200169ua 4500
008 - FIXED-LENGTH DATA ELEMENTS--GENERAL INFORMATION
fixed length control field 120104n1997 II |||gr||||Z||||||eng
040 ## - CATALOGING SOURCE
Original cataloging agency MAIN
041 ## - LANGUAGE CODE
-- English
082 ## - DEWEY DECIMAL CLASSIFICATION NUMBER
Classification number 910 HAZ
100 ## - MAIN ENTRY--PERSONAL NAME
Personal name HAZARIKA, JAYANTI.
245 ## - TITLE STATEMENT
Title DIMENSIONS OF HUMAN GEOGRAPHY
260 ## - PUBLICATION, DISTRIBUTION, ETC.
Place of publication, distribution, etc. JAIPUR
Name of publisher, distributor, etc. RAWAT PUBLICATION
Date of publication, distribution, etc. 1997
300 ## - PHYSICAL DESCRIPTION
Extent 474.
942 ## - ADDED ENTRY ELEMENTS (KOHA)
Koha item type Books
653 ## - INDEX TERM--UNCONTROLLED
Uncontrolled term Geography & travel
Holdings
Withdrawn status Lost status Damaged status Not for loan Collection code Home library Current library Shelving location Date acquired Total Checkouts Full call number Barcode Date last seen Date last checked out Copy number Price effective from Koha item type Public note
        REFGEO Central Library and Information Centre Sibsagar Girls College Central Library and Information Centre Sibsagar Girls College GEOGRAPHY BOOK RACK 21.07.2000 1 910 HAZ 16257 17.08.2023 09.08.2023 1 27.02.2020 Books V


Sibsagar Girl's College © 2020. All rights reserved.
Powered by Koha.
Maintained by Abhijit Borpuzari.